Engineering project management : (Record no. 548400)

000 -LEADER
fixed length control field 00754cam a2200205 a 4500
020 ## - INTERNATIONAL STANDARD BOOK NUMBER
International Standard Book Number 084930024X (alk. paper)
082 00 - DEWEY DECIMAL CLASSIFICATION NUMBER
Classification number 658.404
Author Mark GOO
-- L-28, P-91
100 1# - MAIN ENTRY--PERSONAL NAME
Personal name Goodman, Louis J.
9 (RLIN) 44683
245 00 - TITLE STATEMENT
Title Engineering project management :
Remainder of title the IPQMS method and case histories /
Statement of responsibility, etc. Louis J. Goodman and Rufino S. Ignacio.
260 ## - PUBLICATION, DISTRIBUTION, ETC.
Place of publication, distribution, etc. Boca Raton, Fla. :
Name of publisher, distributor, etc. CRC Press,
Date of publication, distribution, etc. 1999.
300 ## - PHYSICAL DESCRIPTION
Extent 214 p. ;
Dimensions 24 cm.
526 ## - STUDY PROGRAM INFORMATION NOTE
Program name 0
Interest level 0
Reading level 0
Title point value 658_404000000000000_GOO
650 #0 - SUBJECT ADDED ENTRY--TOPICAL TERM
Topical term or geographic name entry element Engineering
General subdivision Management
-- Case studies.
9 (RLIN) 44684
650 #0 - SUBJECT ADDED ENTRY--TOPICAL TERM
Topical term or geographic name entry element Engineering
General subdivision Management.
650 #0 - SUBJECT ADDED ENTRY--TOPICAL TERM
Topical term or geographic name entry element MCE
9 (RLIN) 379
650 #0 - SUBJECT ADDED ENTRY--TOPICAL TERM
Topical term or geographic name entry element Quality control.
9 (RLIN) 869
700 1# - ADDED ENTRY--PERSONAL NAME
Personal name Ignacio, Rufino S.
9 (RLIN) 44685
856 42 - ELECTRONIC LOCATION AND ACCESS
Uniform Resource Identifier <a href="http://www.loc.gov/catdir/enhancements/fy0744/98047034-d.html">http://www.loc.gov/catdir/enhancements/fy0744/98047034-d.html</a>
942 ## - ADDED ENTRY ELEMENTS (KOHA)
Source of classification or shelving scheme
Koha item type Book
Holdings
Withdrawn status Lost status Source of classification or shelving scheme Damaged status Not for loan Permanent Location Current Location Date acquired Total Checkouts Full call number Barcode Date last seen Price effective from Koha item type
          Military College of Engineering (MCE) Military College of Engineering (MCE) 08/27/2014   658.404 GOO MCE-39281 08/27/2014 08/27/2014 Book
© 2023 Central Library, National University of Sciences and Technology. All Rights Reserved.